| 000 | 00421nam a2200169Ia 4500 | ||
|---|---|---|---|
| 008 | 230711s9999||||xx |||||||||||||| ||und|| | ||
| 020 | _a978-93-5014-315-5 | ||
| 041 | _aENG | ||
| 082 |
_a604.2 _bGI-E |
||
| 100 | _aGill,P.S | ||
| 245 | 0 | _aEngineering drawing (geometrical drawing) | |
| 250 | _a13th Ed. | ||
| 260 |
_c2015 _aLudhiana _bS.K Kataria & Sons |
||
| 300 | _a706 | ||
| 650 | _aMechanical Engineering | ||
| 942 | _cBK | ||
| 999 |
_c31 _d31 |
||